| 000 | 00756cab a2200277 4500 | ||
|---|---|---|---|
| 001 | ABS43092 | ||
| 008 | 090401t1990 xxu||||| |||| 00| 0 eng d | ||
| 035 | _a(Sirsi) u40410 | ||
| 041 | _aeng | ||
| 100 | _aBell, J. | ||
| 245 | _aeThe bulls fight it out | ||
| 260 | _c1990 | ||
| 350 | _a0 | ||
| 490 |
_aShop Property _vJuly 1990, 28-30(3) |
||
| 520 | _aExamines retail property in Spain and opportunities for British multiples. Recommends co-operation between British and Spanish firms. | ||
| 650 | _aBARCELONA | ||
| 650 | _aBOYER LAW | ||
| 650 | _aEUROPE | ||
| 650 | _aJOINT VENTURES | ||
| 650 | _aMADRID | ||
| 650 | _aSHOPPING CENTRES | ||
| 650 | _aTRASPASO LEASES | ||
| 690 | _aOVERSEAS-EUROPE | ||
| 942 | _n0 | ||
| 948 | _c04/03/1997 | ||
| 999 |
_c25897 _d25897 |
||